000 00246nam a2200097Ia 4500
008 220204s9999 xx 000 0 und d
082 _a677.18
_bCOI
245 0 _aCoir: Its extraction, properties and use
260 _aDelhi
_bCSIR
_c1960
942 _cBK
999 _c22708
_d22708